Alam sekitar : Permasalahan dan pengawalan

Bibliographic Details
Main Author: SURTAHMAN Kastin Hasan
Other Authors: Abd. Ghafar Ismail
Format: Book
Published: Kuala Lumpur : DBP , 1997
Subjects:

MARC

LEADER 00000cam a2200000 7i4500
001 0000000080
005 20000920.0
020 0 0 |a 9836255567 
090 0 0 |a 333.7   |b SUR 1997 
100 0 0 |a SURTAHMAN Kastin Hasan 
245 1 0 |a Alam sekitar :   |b Permasalahan dan pengawalan   |c Surtahman Kastin Hasan, Abd. Ghafar Ismail 
260 0 0 |a Kuala Lumpur :   |b DBP ,   |c 1997 
300 |a x, 169 p. ;   |c 22 cm. 
500 0 0 |a Bibliography: [p. 161-166] and index 
650 0 0 |a Environmental protection 
650 0 0 |a Environmental science   |x Economic aspects 
650 0 0 |a Pollution   |x Environmental aspects 
700 0 1 |a Abd. Ghafar Ismail 
999 |a 0000006429   |b Monograph   |c Open Shelf   |e Default branch